46 Presidents of the United States - Statistics

General Stats
  • This quiz has been taken 55 times
  • The average score is 35 of 46
Answer Stats
Places Presidents Date Party % Correct
45. Donald Trump 2017-2021 Republican
98%
1. George Washington 1789-1797 Unaffiliated
98%
44. Barack Obama 2009-2017 Democratic
96%
32. Franklin D. Roosevelt 1933-1945 Democratic
96%
41. George H. W. Bush 1989-1993 Republican
96%
43. George W. Bush 2001-2009 Republican
96%
46. Joe Biden 2021-Now Democratic
96%
42. Bill Clinton 1993-2001 Democratic
94%
40. Ronald Reagan 1981-1989 Republican
94%
26. Theodore Roosevelt 1901-1909 Republican
94%
16. Abraham Lincoln 1861-1865 Republican
92%
37. Richard Nixon 1969-1974 Republican
92%
35. John F. Kennedy 1961-1963 Democratic
90%
38. Gerald Ford 1974-1977 Republican
88%
39. Jimmy Carter 1977-1981 Democratic
88%
36. Lyndon B. Johnson 1963-1969 Democratic
88%
3. Thomas Jefferson 1801-1809 Democratic-Republican
88%
34. Dwight D. Eisenhower 1953-1961 Republican
86%
33 Harry S. Truman 1945-1953 Democratic
86%
2. John Adams 1797-1801 Federalist
84%
6. John Quincy Adams 1825-1829 Democratic-RepublicanNational-Republican
84%
17. Andrew Johnson 1865-1869 Democratic
82%
31. Herbert Hoover 1929-1933 Republican
82%
7. Andrew Jackson 1829-1837 Democratic
78%
28. Woodrow Wilson 1913-1921 Democratic
78%
5. James Monroe 1817-1825 Democratic-Republican
75%
18. Ulysses S. Grant 1869-1877 Republican
73%
20. James A. Garfield 1881 Republican
69%
23. Benjamin Harrison 1889-1893 Republican
67%
9. William Henry Harrison 1841 Whig
67%
12. Zachary Taylor 1849-1850 Whig
67%
11. James K. Polk 1845-1849 Democratic
65%
4. James Madison 1809-1817 Democratic-Republican
65%
8. Martin Van Buren 1837-1841 Democratic
65%
27. William Howard Taft 1909-1913 Republican
65%
30. Calvin Coolidge 1923-1929 Republican
63%
22. Grover Cleveland 1885-1889 Democratic
63%
24. Grover Cleveland 1893-1897 Democratic
63%
10. John Tyler 1841-1845 WhigUnaffiliated
57%
25. William McKinley 1897-1901 Republican
55%
21. Chester A. Arthur 1881-1885 Republican
53%
15. James Buchanan 1857-1861 Democratic
53%
14. Franklin Pierce 1853-1857 Democratic
51%
13. Millard Fillmore 1850-1853 Whig
49%
29. Warren G. Harding 1921-1923 Republican
49%
19. Rutherford B. Hayes 1877-1881 Republican
45%
No matching quizzes found
Score Distribution
Percent of People with Each Score
Percentile by Number Answered
Your Score History
You have not taken this quiz